000 01260nab a2200217 i 4500
001 170414
003 ES-MaACL
005 20260201140952.0
008 090304m18861887sp 000 0 spa d
100 1 _aSilvela, Francisco,
_d1845-1905
_9106425
245 1 0 _aJovellanos - La propiedad territorial y el cultivo en 1800 - El plan de la Ley Agraria - La desamortización - El porvenir y las necesidades de la agricultura española : 13ª conferencia [del ciclo "La España del siglo XIX, Ateneo Científico, Literario y Artístico de Madrid] /
_corador, Francisco Silvela.
600 1 0 _aJovellanos, Gaspar Melchor de,
_d1744-1811
_9222580
610 2 4 _aAteneo de Madrid-
_vConferencias-
_yS.XIX.
_91910
610 2 4 _aAteneo de Madrid-
_vObras digitalizadas.
_91930
650 4 _aAgricultura-
_zEspaña-
_yS.XIX
_99682
773 0 _t La España del siglo XIX : colección de conferencias históricas celebradas durante el curso de 1885-86 [y curso de 1886-87],
_dMadrid : Librería de Don Antonio San Martín, 1886-1887,
_gT.2, p. 37-67
_082158
_985194
_w82158
856 4 _uhttp://www.ateneodemadrid.com/biblioteca_digital/folletos/Folletos-0101.pdf
_zVer documento
942 _cANAM
_2udc
999 _c170414
_d170414